000
00306 a2200157 4500
001
163683
020
_a
040
_c
Magnum
100
_a
-
240
1
0
_a
Plebiscito
_l
por
245
1
0
_a
Plebiscito
362
0
_a
1899
440
1
_a
Edições Loyola
697
_a
IJ/SOCIEDADE COTIDIANO
942
_c
BK
999
_c
163683
_d
163683